000 00738nam a2200193Ii 4500
003 JO-AjNU
008 230605s9999||||xx |||||||||||||| ||und||
040 _aJO-AjNU
_bara
_erda
_cJO-AjNU
041 _aara
050 1 4 _aSF61A2834 1984
100 3 _aابو حرب ،محمد/م مشارك هيفاء الحمصي ،نجاح بيرقدار ,
_eauthor
_915707
245 0 0 _aالتطبيقات العملية في علم الحياة الحيوانية
264 3 1 _aدمشق :مطبعة دمشق ،1984
300 _a352ص
_bصور توضيحية
336 _atext
_btxt
_2rdacontent
337 _aunmediated
_bn
_2rdamedia
338 _avolume
_bnc
_2rdacarrier
650 4 _aعلم الحياة-التطبيقات العملية
_915708
999 _aA4498
_c8066
_d8066